Österreichische Bundesliga Sieger - Statistiken

Allgemein
  • Dieses Quiz wurde 263 mal gespielt
  • Das Durchschnittsergebnis liegt bei 87 aus 111
Antwortstatistiken
Jahr Sieger % Korrekt
1912 | 1913 | 1916 | +29 others Rapid Wien
98%
2007 | 2009 | 2010 | +10 others Red Bull Salzburg
98%
2015 Red Bull Salzburg
97%
1924 | 1926 | 1949 | +21 others Austria Wien
96%
1998 | 1999 | 2011 Sturm Graz
92%
1965 Linzer ASK
71%
2004 Grazer AK
67%
1915 Wiener AC
57%
1931 | 1933 | 1942 | +3 others First Vienna FC
51%
1994 | 1995 | 1997 SV Austria Salzburg
47%
1971 | 1972 | 1973 | +7 others FC Wacker Innsbruck
46%
1927 | 1928 | 1932 | +5 others Fc Flyeralarm Admira
45%
1974 FC Blau Weiß Linz
30%
1922 | 1958 | 1959 Wiener Sportclub
29%
1918 Floridsdorfer AC
27%
1925 Hakoah Wien
4%
1947 Wacker Wien
3%
1914 Wiener AF
2%
Keine übereinstimmenden Quizze gefunden
Verteilung der Resultate
Anzahl Personen mit jedem Resultat
Perzentil nach korrekt beantworteten Fragen
Ihre Resultats-Entwicklung
Sie haben dieses Quiz noch nicht gespielt